| 000 | 01199nam a2200385 a 4500 | ||
|---|---|---|---|
| 003 | AR-BaBNM | ||
| 005 | 20251128210949.0 | ||
| 008 | 082120s2002 ||||||||||||||000 | spa|| | ||
| 020 | _a987-97498-7-1 | ||
| 040 | _cAR-BaBNM | ||
| 100 | 1 | _aLevis, Diego | |
| 245 | 1 | 0 |
_aHacia la herramienta educativa universal? _benseñar y aprender en tiempos de Internet |
| 250 | _a1ª ed. | ||
| 260 |
_aBuenos Aires _bEdiciones Ciccus _bEdiciones La Crujía _c2000 |
||
| 300 |
_a171 p. _btablas _e1 CD-Rom |
||
| 490 | 0 | _aSigno. Comunicación y educación | |
| 500 | _aIncluye selección comentada de webs educativos p. 129-146 | ||
| 500 | _aSolicitar el CD-Rom en MEDIATECA | ||
| 504 | _aContiene referencias bibliográficas p. 157-170 | ||
| 650 | 4 | _aTECNOLOGIA EDUCATIVA | |
| 650 | 4 | _aMEDIOS DE COMUNICACION | |
| 650 | 4 | _aREDES DE INFORMACION | |
| 650 | 4 | _aPAPEL DE LA ESCUELA | |
| 650 | 4 | _aROL DEL DOCENTE | |
| 651 | 4 | _aEuropa | |
| 651 | 4 | _aChile | |
| 651 | 4 | _aArgentina | |
| 653 | _aGLOBALIZACION | ||
| 653 | _aINTERNET | ||
| 653 | _aEDUCACION VIRTUAL | ||
| 653 | _aESPACIOS EDUCATIVOS | ||
| 653 | _aCAMBIO EDUCATIVO | ||
| 700 | 1 | _aGutiérrez Ferrer, María Luisa | |
| 942 | _cBK | ||
| 999 |
_c17661 _d17661 |
||